Swedish Capital to County - Statistics

General Stats
  • This quiz has been taken 45 times
  • The average score is 16 of 21
Answer Stats
County Capital % Correct
Stockholm Stockholm
100%
Jönköping Jönköping
95%
Kalmar Kalmar
95%
Skåne Malmö
95%
Örebrö Örebrö
95%
Uppsala Uppsala
95%
Västra Götaland Gothenburg
89%
Norrbotten Luleå
84%
Gotland Visby
84%
Gävleborg Gävle
79%
Halland Halmstad
74%
Blekinge Karlskrona
74%
Värmland Karlstad
74%
Jämtland Östersund
74%
Västerbotten Umeå
74%
Dalarna Falun
68%
Östergötland Linköping
63%
Västmanland Västerås
63%
Södermanland Nyköping
58%
Kronoberg Växjö
47%
Västernorrland Härnösand
42%
No matching quizzes found
Score Distribution
Percent of People with Each Score
Percentile by Number Answered
Your Score History
You have not taken this quiz